Najmniejsze państwa pod względem liczby ludności i powierzchni - Statystyki

Ogólne statystyki
  • Ten quiz został rozwiązany 4 011 razy
  • Średni wynik to 16 z 24
Statystyki odpowiedzi
Państwo % Poprawnych
Watykan
99%
San Marino
93%
Monako
91%
Andora
89%
Liechtenstein
89%
Nauru
68%
Palau
68%
Malta
67%
Tuvalu
67%
Saint Lucia
64%
Saint Kitts i Nevis
63%
Wyspy Marshalla
63%
Saint Vincent i Grenadyny
61%
Singapur
60%
Kiribati
59%
Mikronezja
59%
Samoa
59%
Tonga
58%
Seszele
57%
Barbados
56%
Dominika
55%
Grenada
55%
Antigua i Barbuda
54%
Malediwy
52%
Nie znaleziono quizów pasujących do podanych kryteriów
Rozkład punktacji
Procent ludzi z każdym wynikiem
Percentyl według liczby udzielonych odpowiedzi
Twoja historia wyników
Nie rozwiązałeś tego quizu